| 000 | 01034cam a22002771 4500 | ||
|---|---|---|---|
| 001 | 5893073 | ||
| 003 | OSt | ||
| 005 | 20120419154835.0 | ||
| 008 | 721221s1913 enka b 000 0 eng | ||
| 010 | _a 13012888 | ||
| 035 | _a(OCoLC)522607 | ||
| 040 |
_aDLC _cOKentU _dPPLT _dDLC |
||
| 050 | 0 | 0 |
_aBS2375 _b.M55 |
| 100 | 1 |
_aMilligan, George, _d1860-1934. _914444 |
|
| 245 | 1 | 4 |
_aThe New Testament documents, _btheir origin and early history, _cby George Milligan...With twelve fac-similes. |
| 260 |
_aLondon, _bMacmillan and co., limited, _c1913. |
||
| 300 |
_a322 p. _billus. _c23 cm. |
||
| 500 | _a"The Croall lectures for 1911-12." | ||
| 500 | _a"Some books for the study of the Greek papyri": p. [233]-236. | ||
| 500 | _a"Recent literature on the canon of the New Testament": p. [301]-305. | ||
| 630 | 0 | 0 |
_aBible. _pN.T. _xIntroductions. |
| 650 | 0 |
_aManuscripts, Greek (Papyri) _xBibliography. _914445 |
|
| 730 | 0 |
_aCroall lectures, 1911-1912. _914446 |
|
| 906 |
_a7 _bcbc _coclcrpl _du _encip _f19 _gy-gencatlg |
||
| 942 |
_2lcc _cBK |
||
| 999 |
_c54066 _d54040 |
||